Maritime security: a practical guide for mariners / (Record no. 3427)

000 -LEADER
fixed length control field 00530nam a2200181 a 4500
008 - FIXED-LENGTH DATA ELEMENTS--GENERAL INFORMATION
fixed length control field 250331t2024 xxkdo|||||||||||| ||und||
020 ## - INTERNATIONAL STANDARD BOOK NUMBER
International Standard Book Number 9781915488015
Terms of availability £ 130.00
040 ## - CATALOGING SOURCE
Original cataloging agency IMU Kochi Library
082 04 - DEWEY DECIMAL CLASSIFICATION NUMBER
Classification number 623.888
Item number J7101
Edition number 23
100 1# - MAIN ENTRY--PERSONAL NAME
Personal name Jones, Steven
245 10 - TITLE STATEMENT
Title Maritime security: a practical guide for mariners /
260 ## - PUBLICATION, DISTRIBUTION, ETC. (IMPRINT)
Place of publication, distribution, etc London :
Name of publisher, distributor, etc The Nautical Institute,
Date of publication, distribution, etc 2024
300 ## - PHYSICAL DESCRIPTION
Extent x, 222 p.
Other physical details :
Dimensions ; 24 cm.
650 #0 - SUBJECT ADDED ENTRY--TOPICAL TERM
Topical term or geographic name as entry element Merchant marine
General subdivision Security measures
852 ## - LOCATION/CALL NUMBER
Location IMU Kochi Library
904 ## - LOCAL DATA ELEMENT D, LDD (RLIN)
CATALOGER Akhil Bose
942 ## - ADDED ENTRY ELEMENTS (KOHA)
Item type Books
Holdings
Withdrawn status Lost status Source of classification or shelving scheme Damaged status Not for loan Collection code Permanent location Current location Shelving location Date acquired Source of acquisition Cost, normal purchase price Full call number Barcode Date last seen Koha item type Public note
          Nautical Science IMU Kochi Library IMU Kochi Library Reference 2025-03-31 M/s Sterling Book House (Inv. No. INV/8690 Dt. 21-03-2025) 14489.00 623.888 J7101 BK006894 2025-04-17 Books Gen. Shelf-4, Row-3


Copyright © All Rights Reserved by Indian Maritime University, Kochi Campus.
For any Suggestions/Query Contact to library or Email: library.kochi@imu.ac.in Ph:(0484)-2989402
(Web OPAC Designed by Rudra Ranjan. Maintained by IMU Kochi Library)

Powered by Koha